| 000 | 00853nmc a2200313 a 4500 | ||
|---|---|---|---|
| 003 | AR-BaBNM | ||
| 005 | 20251128203459.0 | ||
| 008 | 127119s1963 ||||||||||||||000 | spa|| | ||
| 040 | _cAR-BaBNM | ||
| 100 | 1 |
_aCampo, Estanislao del _d1834-1880 |
|
| 245 | 1 | 0 |
_aFausto _bimpresiones del gaucho Anastasio El Pollo en la representación de esta ópera |
| 250 | _a2ª ed. | ||
| 260 |
_aBuenos Aires _bEudeba _c1963 |
||
| 300 | 0 |
_a62 p. _bil. |
|
| 490 | 0 |
_aSerie del siglo y Medio _vv. 3 |
|
| 650 | 4 | _aLITERATURA ARGENTINA | |
| 650 | 4 | _aOPERA | |
| 650 | 4 | _aPOESIA | |
| 650 | 4 | _aESCRITORES | |
| 650 | 4 | _aHUMOR | |
| 650 | 4 | _aCOSTUMBRES Y TRADICIONES | |
| 653 | 0 | _aGAUCHOS | |
| 653 | 0 | _aLITERATURA GAUCHESCA | |
| 655 | _aLITERATURA | ||
| 700 | 0 |
_aOski _eilustrador |
|
| 700 | 1 |
_aBenarós, León _eprologuista |
|
| 942 | _cBK | ||
| 998 | _cMARTIN | ||
| 999 |
_c3577 _d3577 |
||